Der Tolle Halberstädter (Record no. 5581)

MARC details
000 -CABECERA
campo de control de longitud fija 00628nam a2200217 a 4500
001 - NÚMERO DE CONTROL
campo de control BRCA_5892
005 - FECHA Y HORA DE LA ÚLTIMA TRANSACCIÓN
campo de control 20190320205244.0
008 - DATOS DE LONGITUD FIJA--INFORMACIÓN GENERAL
campo de control de longitud fija 170311t1925----gw-#######---#000-0#ger-#
041 ## - CÓDIGO DE LENGUA
Código de lengua del texto/banda sonora o título independiente ger
044 ## - CÓDIGO DEL PAÍS DE LA ENTIDAD EDITORA/PRODUCTORA
Código MARC del país gw
050 #4 - SIGNATURA TOPOGRÁFICA DE LA BIBLIOTECA DEL CONGRESO
Número de clasificación PT2617 U29
Número de documento/Ítem .T64
-- 1925
100 1# - ENTRADA PRINCIPAL--NOMBRE DE PERSONA
Nombre de persona Huch, Rudolf.
9 (RLIN) 14897
245 10 - MENCIÓN DE TÍTULO
Título Der Tolle Halberstädter
Mención de responsabilidad, etc. Erzahlung von Rudolf Huch; mit einem Nachwort von Werner Mahrholz.
260 ## - PUBLICACIÓN, DISTRIBUCIÓN, ETC.
Lugar de publicación, distribución, etc. Leipzig, Alemania
Nombre del editor, distribuidor, etc. P. Reclam
Fecha de publicación, distribución, etc. 1925
300 ## - DESCRIPCIÓN FÍSICA
Extensión 78 p.
Dimensiones 16 cm.
440 #0 - MENCIÓN DE SERIE/PUNTO DE ACCESO ADICIONAL--TÍTULO
Título Reclams universal Bibliothek
Número de parte o sección de la obra Nº6521
9 (RLIN) 14898
500 ## - NOTA GENERAL
Nota general H133
700 1# - PUNTO DE ACCESO ADICIONAL--NOMBRE DE PERSONA
Nombre de persona Mahtholz, Werner.
9 (RLIN) 14899
902 ## - CATALOGADOR
Iniciales GFM
942 ## - ELEMENTOS DE PUNTO DE ACCESO ADICIONAL (KOHA)
Fuente del sistema de clasificación o colocación Library of Congress Classification
Tipo de ítem Koha Libros
Holdings
Estado de retiro Estado de pérdida Estado dañado No para préstamo Localización permanente Ubicación/localización actual Fecha de adquisición Número de inventario Total de préstamos Signatura topográfica completa Código de barras Fecha visto por última vez Precio válido a partir de Tipo de ítem Koha
El ejemplar forma parte de la colección y puede ser consultado según las políticas vigentes.       Biblioteca del Museo Franz Mayer (Rogerio Casas-Alatriste) Biblioteca del Museo Franz Mayer (Rogerio Casas-Alatriste) 17/03/2011 H133   PT2617 U29 .T64 1925 (H133) 6331 22/03/2019 22/03/2019 Libros